Responses for Show #5149 - Thursday, January 18, 2007

Contestants

[<< previous game]

Linda Schildkraut, an art historian from Bayside, New York

Katy Tripodi Griffith, an archaeology student from Merrimack, New Hampshire

Al Cadena, a senior website producer from Pasadena, California (whose 1-day cash winnings total $14,801)

[next game >>]

Jeopardy! Round responses

DEFENDING THE U.S.
(Alex: ...very important in this day and age.)
BOND MOVIES BY INITIALS
COLORFUL CHARACTERS
SEAFOOD
STATE SONG LYRICS
(Alex: You have to identify the state.)
GOOD SENSE
(Alex: In fact, each correct response will be one of the five senses.)
    $200 30
the Cold War

Al
    $200 1
From Russia With Love

Al
    $200 7
Little Boy Blue

Katy
    $200 8
tuna

Linda
    $200 16
California

Al
    $200 3
(Katy: What is voir dire?)

hearing

KatyLinda
    $400 26
Northern Command

Triple Stumper
    $400 2
For Your Eyes Only

Linda
    $400 9
(Alex: And that individual is [*]. Arrrr, me hearties.)

Long John Silver

Triple Stumper
    $400 11
Mahi-mahi

Linda
    $400 21
Alaska

Al
    $400 4
(Al: What is a barrel?)
(Linda: What is a nose?)
...
(Alex: They have a front and a rear [*]. Linda, back to you--you're the only one with money at the moment!)

sight

AlLinda
Triple Stumper
    $600 29
North Korea

Katy
    $600 17
On Her Majesty's Secret Service

Linda
    $600 10
(Katy: Who is the Black Knight?)

Green Knight

Katy
Triple Stumper
    $600 12
carp

Linda
    $600 23
Vermont

Katy
    $600 5
taste

Linda
    $800 28
(Al: What is reconaissance?)

scramble

AlLinda
    $800 20
(Al: [No response])
(Alex: Uh-oh...)
[The time's-up signal sounds.]
(Al: [*]. What is [*]?)
(Alex: Too late, too late. Katy?)
(Katy: What is [*]?)
(Alex: That's it, yes.)
(Katy: [Looks over] Thank you!)

The Spy Who Loved Me

AlKaty
    $800 15
White Fang

Katy
    $800 13
rainbow trout

Linda
    $1,000 24
(Katy: What is West Virginia?)
(Alex: Oh, no! Think of Ray Charles. [*]. "[*] On My Mind".)

Georgia

Katy
    $800 6
touch

Triple Stumper
    $1000 27
Rita

Katy
    $1000 22
Moonraker

Linda
    $1000 19
The Scarlet Pimpernel

Linda
    $1000 14
dab

Linda
    $1000 25
(Alex: Yes. Columbine, the state flower.)

Colorado

Al
    $1000 18
smell

Linda

Scores at the first commercial break (after clue 15):

Al Katy Linda
-$200 $200 $3,800

Scores at the end of the Jeopardy! Round:

Al Katy Linda
$0 $2,200 $8,200

Double Jeopardy! Round responses

QUEEN
WE ARE THE CHAMPIONS
UNDER PRESSURE
BOHEMIAN RHAPSODY
KEEP YOURSELF ALIVE
ANOTHER ONE BITES THE "UST"
    $400 8
Cleopatra

Linda
    $400 12
Italy

Katy
    $400 23
carpal tunnel syndrome

Al
    $400 2
Prague

Linda
    $400 26
appendix

Linda
    $400 1
combustion

Linda
    $800 9
Anne Boleyn

Linda
    $800 13
David Eckstein

Triple Stumper
    $800 25
aerosol

Linda
    $800 3
Forest

Linda
    $800 27
moles

Al
    $800 5
(Al: What is... rust?)

Rust-oleum

AlLinda
    $1200 10
Isabella

Al
    $1200 14
Tracy Austin

Al
    $1200 24
glaucoma

Linda
    $1200 4
spa

Katy
    $1200 28
hypertension

Al
    $1200 11
mustang

Katy
    $1600 19
Queen of Sheeba

Al
    $1600 16
(Al: Who--where is Canada?)

Detroit Red Wings

Al
Triple Stumper
    $1600 21
barometer

Al
    $1600 6
Pilsner

Linda
    $1600 29
tetanus

Linda
    $1600 17
Hustle

Al
    $3,000 20
U.S. Virgin Islands

Al
    $2000 15
Dorothy Hamill

Al
    $2000 22
pounds per square inch

Linda
    $2000 7
the Elbe

Triple Stumper
    $2000 30
gasoline

Linda
    $2,000 18
filibuster

Al

Scores at the end of the Double Jeopardy! Round:

Al Katy Linda
$14,200 $5,000 $21,400

[wagering suggestions for these scores]

Final Jeopardy! Round responses

ANIMATED CHARACTERS
(Alex: Well, here's an interesting point, ladies and gentlemen. Most people think that Wile E. Coyote is W-I-L-Y Coyote. They don't know there was that middle initial. You left out the first "E.", it's W-I-L-E, then that "E" for Ethelbert, Coyote. And we don't penalize for misspelled words, so you're right.)
KatyWho is Bullwinkle?
$4,958
AlWho is Minnie Mouse
$14,198
LindaWho is Wil E Coyote?
$7,201
Wile E. Coyote

Final scores:

Al Katy Linda
$2 $42 $28,601
3rd place: $1,000 2nd place: $2,000 New champion: $28,601

Game dynamics:

Coryat scores:

Al Katy Linda
$13,200 $6,000 $21,400
16 R
(including 2 DDs),
5 W
9 R,
3 W
(including 1 DD)
26 R,
1 W

Combined Coryat: $40,600

[game clues] [game scores] [suggest correction]

Game tape date: 2006-11-14
The J! Archive is created by fans, for fans. Scraping, republication, monetization, and malicious use prohibited; this site may use cookies and collect identifying information. See terms. The Jeopardy! game show and all elements thereof, including but not limited to copyright and trademark thereto, are the property of Jeopardy Productions, Inc. and are protected under law. This website is not affiliated with, sponsored by, or operated by Jeopardy Productions, Inc. Join the discussion at JBoard.tv.